Sports Quiz

Random Sports or Soccer Quiz

Les buteurs des clubs français contre le Bayern Munich Quiz Stats

 Plays Quiz not verified by Sporcle

Support Sporcle.
Go Orange.
Score 0/48 Timer 10:00
0 Plays Today
Club Buteur % Correct
Paris Saint-GermainKylian Mbappé
90.5%
Paris Saint-GermainKylian Mbappé
90.5%
Paris Saint-GermainKylian Mbappé
90.5%
Girondins de BordeauxYoann Gourcuff
74%
Paris Saint-GermainNeymar
69.8%
Paris Saint-GermainMarquinhos
66.9%
Paris Saint-GermainEdinson Cavani
63.7%
Olympique lyonnaisSidney Govou
59.4%
Olympique lyonnaisJuninho
59.4%
Olympique lyonnaisSidney Govou
59.4%
Olympique lyonnaisSidney Govou
59.4%
Girondins de BordeauxMarouane Chamakh
46.8%
Paris Saint-GermainGeorge Weah
46.4%
Paris Saint-GermainGeorge Weah
46.4%
Olympique lyonnaisKarim Benzema
42.5%
Olympique lyonnaisGiovane Elber
25.8%
Girondins de BordeauxMarc Planus
24.8%
Paris Saint-GermainJérôme Leroy
17.6%
Paris Saint-GermainLaurent Leroy
17.6%
Paris Saint-GermainDani Alves
15.4%
Girondins de BordeauxMichaël Ciani
15.3%
Paris Saint-GermainMarco Simone
14.8%
AS Saint-ÉtienneHervé Revelli
14.3%
AS Saint-ÉtienneHervé Revelli
14.3%
Club Buteur % Correct
Olympique lyonnaisPierre Laigle
11.8%
Paris Saint-GermainDaniel Bravo
11.3%
AS Saint-ÉtienneSalif Keita
10.2%
Olympique lyonnaisPeguy Luyindula
9.3%
Girondins de BordeauxDaniel Dutuel
9.3%
RC LensJohn Utaka
5.5%
AS Saint-ÉtienneJacques Santini
5.1%
Paris Saint-GermainFranck Gava
4.3%
Lille LOSCSalomon Kalou
4%
RC LensDagui Bakari
3.6%
FC NantesHassan Ahamada
2.6%
RC LensJocelyn Blanchard
1.9%
AS Saint-ÉtienneHugues Boury
1.6%
AS Saint-ÉtienneLaurent Roussey
0.9%
Olympique lyonnaisMartin Demichelis (CSC)
0.8%
Paris Saint-GermainMichael Tarnat (CSC)
0.4%
RC LensThorsten Fink (CSC)
0.3%
FC Rouen 1899Jean-Louis Buron
0.3%
FC Rouen 1899Jean-Pierre Destrumelle
0.2%
FC Rouen 1899Antoine Léonetti
0.2%
FC Rouen 1899Antoine Léonetti
0.2%
FC Rouen 1899Daniel Druda
0.2%
FC Rouen 1899Jean-Michel Lachot
0.2%
FC Rouen 1899André Betta
0.2%

You're not logged in!

Compare scores with friends on all Sporcle quizzes.
OR
Log In

From the Vault

Movie Word Quintets II

by Larryholmes79

30 great movies in just 8 minutes. Think of the time you'll save.
Remove Ads.
Support Sporcle.
Get the best of Sporcle when you Go Orange. This ad-free experience offers more features, more stats, and more fun while also helping to support Sporcle. Thank you for becoming a member.

Show Comments

Extras

Top Quizzes Today


Score Distribution

Your Account Isn't Verified!

In order to create a playlist on Sporcle, you need to verify the email address you used during registration. Go to your Sporcle Settings to finish the process.

Report this User

Report this user for behavior that violates our Community Guidelines.

Details: